[Event "BLR-chT U18"]
[Site "Gomel"]
[Date "2024.03.05"]
[Round "7.4"]
[White "Krukouski, Serafim"]
[Black "Kot, Denis"]
[Result "1/2-1/2"]
[WhiteElo "2000"]
[BlackElo "2000"]
[PlyCount "52"]
[EventDate "2024.03.01"]
[EventType "tourn"]
[EventRounds "7"]
[EventCountry "BLR"]
[SourceTitle "CB11_2024"]
[SourceDate "2024.03.13"]
[SourceVersion "1"]
[SourceVersionDate "2024.03.13"]
[SourceQuality "1"]

1. e4 e5 2. Nf3 Nc6 3. Nc3 Nf6 4. h3 Bb4 5. Nd5 Ba5 6. c3 0-0 7. d3 Nxd5 8. exd5 Ne7 9. Nxe5 Nxd5 10. Nc4 Re8+ 11. Ne3 c6 12. Be2 Nxe3 13. Bxe3 d5 14. Qd2 Qe7 15. d4 Bf5 16. Bd3 Bxd3 17. Qxd3 Bc7 18. 0-0-0 a5 19. Rde1 b5 20. Re2 Qd7 21. Rhe1 Re6 22. Bd2 Rae8 23. Qf5 g6 24. Qf3 Rxe2 25. Rxe2 Rxe2 26. Qxe2 Qe6 1/2-1/2

[Event "Online Friendship U12"]
[Site "Tornelo INT"]
[Date "2020.11.21"]
[Round "4.1"]
[White "Todev, Simeon"]
[Black "Kot, Denis"]
[Result "1-0"]
[WhiteElo "1703"]
[BlackElo "1222"]
[PlyCount "53"]
[EventDate "2020.11.21"]
[EventType "team-swiss"]
[EventRounds "7"]
[EventCountry "BLR"]
[SourceTitle "CBM 199 Extra"]
[Source "ChessBase"]
[SourceDate "2021.01.31"]
[SourceVersion "1"]
[SourceVersionDate "2021.01.31"]
[SourceQuality "1"]
[WhiteTeam "Bulgaria"]
[BlackTeam "Belarus Vitebsk"]
[WhiteTeamCountry "BUL"]
[BlackTeamCountry "BLR"]

1. e4 e5 2. Nf3 Nc6 3. d4 exd4 4. Bc4 Nf6 5. 0-0 Be7 6. e5 Ne4 7. Re1 Nc5 8. b4 Ne6 9. b5 Na5 10. Bxe6 dxe6 11. Nxd4 0-0 12. Qg4 Kh8 13. Re3 g6 14. Rd3 Qe8 15. Bh6 Rg8 16. Nd2 f5 17. exf6 Bxf6 18. Ne4 Bxd4 19. Rxd4 e5 20. Qh4 Qf7 21. Nf6 Rf8 22. Bxf8 exd4 23. Bc5 Bf5 24. Bxd4 Rd8 25. Nd7+ Kg8 26. Qxd8+ Qf8 27. Qxf8# 1-0